| 000 | 01006cab a2200229 4500 | ||
|---|---|---|---|
| 001 | X93446 | ||
| 008 | 090401t1998 xxu||||| |||| 00| 0 eng d | ||
| 035 | _a(Sirsi) u88021 | ||
| 041 | _aeng | ||
| 245 | _aAcquisition for planning purposes | ||
| 260 | _c1998 | ||
| 350 | _a0 | ||
| 490 |
_aEstates Gazette _v[1998] EGCS 133 (15/08/1998) |
||
| 520 | _a"Thames Water Utilities Ltd v Oxford CC and another" ChD 31 July 1998. Plaintiff transferor taking covenant from council transferees restricting land use to recreation - Council`s appropriating land for planning purposes and granting lease to to professional football club to build new stadium - whether covenant broken - whether intended use nevertheless authorised by planning legislation. | ||
| 650 | _aBREACH OF COVENANT | ||
| 650 | _aFOOTBALL STADIUM | ||
| 650 | _aRESTRICTIVE COVENANTS | ||
| 650 | _aTHAMES WATER UTILITIES LTD V OXFORD CC AND ANOTHER | ||
| 690 | _aPLANNING LAW AND PRACTICE-CASE LAW | ||
| 942 | _n0 | ||
| 948 | _c17/08/1998 | ||
| 999 |
_c55577 _d55577 |
||